Communication errors and pitfalls in social media - The four most common marketing mistakes brands make online

Bibliographic Details
Main Author: Zwickl Dániel
Other Authors: Benei Péter
Format: Thesis
Kulcsszavak:social media
Online Access:http://dolgozattar.uni-bge.hu/4338

MARC

LEADER 00000nta a2200000 i 4500
001 dolg4338
005 20160407103236.0
008 151209suuuu hu om 000 eng d
040 |a BGE Dolgozattár Repozitórium  |b hun 
041 |a en 
100 1 |a Zwickl Dániel 
245 1 0 |a Communication errors and pitfalls in social media - The four most common marketing mistakes brands make online  |c Zwickl Dániel  |h [elektronikus dokumentum] 
246 1 1 |a Kommunikációs hibák és csapdák a közösségi médiában - A négy leggyakoribb marketinghiba, melyet márkák elkövetnek online 
695 |a social media 
700 1 |a Benei Péter  |e ths 
856 4 0 |u http://dolgozattar.uni-bge.hu/4338/1/D%C3%A1niel-Vince-Zwickl_Dissertation%20-%202015.pdf  |z Dokumentum-elérés